The missionary message of the Bible. (Record no. 10178)

000 -LEADER
fixed length control field 00570nam a2200181 a 4500
001 - CONTROL NUMBER
control field :::00007963$&:&@@
003 - CONTROL NUMBER IDENTIFIER
control field OkBaRHE
005 - DATE AND TIME OF LATEST TRANSACTION
control field 20000607103340.0
008 - FIXED-LENGTH DATA ELEMENTS--GENERAL INFORMATION
fixed length control field s1941 j 000 0 eng u
040 ## - CATALOGING SOURCE
Transcribing agency
100 1# - MAIN ENTRY--PERSONAL NAME
Personal name Love, Julian Price, 1894-
245 14 - TITLE STATEMENT
Title The missionary message of the Bible.
260 ## - PUBLICATION, DISTRIBUTION, ETC. (IMPRINT)
Place of publication, distribution, etc New York, NY., :
Name of publisher, distributor, etc The MacMillan Company
Date of publication, distribution, etc c1941
300 ## - PHYSICAL DESCRIPTION
Extent 203 p. ;
Dimensions 20 cm.
650 ## - SUBJECT ADDED ENTRY--TOPICAL TERM
Topical term or geographic name as entry element Missions
General subdivision Biblical Teaching
942 ## - ADDED ENTRY ELEMENTS (KOHA)
Source of classification or shelving scheme
Koha item type Books
Copies
Date acquired Barcode Shelving location Lost status Copy number Damaged status Date last seen Price effective from Koha item type Permanent Location Not for loan Full call number Withdrawn status Source of classification or shelving scheme
2010-04-147963General Stacks 1 2010-04-142010-04-14BooksRHEMA Bible Training College BV 2073 .L598